Pokémon - Les attaques de Mamanbo - Statistiques

Statistiques générales
  • Ce quiz a été pris 26 fois
    14 depuis la dernière actualisation
  • Le résultat moyen est 8 sur 15
Statistiques - réponses
Niveaux Types Noms des attaques % Correct
Niveau 55 Eau Hydrocanon
90%
Niveau 9 Eau Aqua-Jet
80%
Niveau 25 Eau Vibraqua
70%
Niveau 37 Normal Vœu
70%
Niveau 21 Normal Abri
60%
Niveau 5 Eau Anneau Hydro
60%
Niveau 33 Eau Détrempage
60%
Départ Normal Écras'Face
60%
Niveau 13 Roche Garde Large
50%
Niveau 49 Eau Siphon
50%
Niveau 13 Normal Coup d'Main
40%
Niveau 29 Psy Vœu Soin
40%
Niveau 41 Eau Saumure
30%
Niveau 45 Normal Rune Protect
20%
Départ Normal Camaraderie
10%
Aucun quiz correspondant
Distribution des résultats
% des personnes avec chaque résultat
Percentile par nombre de réponses
Votre historique - résultats
Vous n’avez pas pris ce quiz depuis la dernière actualisation